000 01115nam a22003017i 4500
999 _c169397
_d169397
005 20180827155814.0
008 180827t20172017my o|||e |||| 00| 0 eng d
020 _a9789673447633
_cRM148.00
_qhardback
040 _aPPAK
_beng
_cPPAK
_dPPAK
_erda
082 0 4 _223
_a378.595
090 0 0 _a378.595
_bABD
_dR
100 0 _4author.
_aAbdul Rahman Md Aroff,
245 1 0 _aFrom Seed to Towering Tree :
_bThe UPM Journey /
_cAbdul Rahman Md Aroff, Shamshuddin Jusop, Zulkifli Hj. Shamsuddin
264 1 _aSerdang, Selangor :
_bUniversiti Putra Malaysia Press,
_c2017
264 4 _c©2017
300 _axiii, 181 pages :
_bcolour photographs ;
_c26 cm
336 _2rdacontent
_atext
337 _2rdamedia
_aunmediated
338 _2rdacarrier
_avolume
500 _aIncludes index
504 _6Bibliography : page [175]
610 2 _aUniversiti Putra Malaysia
650 1 0 _aUniversities and colleges
_xHistory
_zMalaysia
650 2 0 _aUniversities and colleges
_xAgricultural colleges
_zMalaysia
700 0 _aShamshuddin Jusop,
_eauthor.
700 0 _aZulkifli Hj. Shamsuddin,
_eauthor.
942 _2ddc
_cB